Board Game Antonyms - Statistics

General Stats
  • This quiz has been taken 700 times
  • The average score is 6 of 15
Answer Stats
Antonyms Board Game % Correct
The Job of Death The Game of Life
90%
Full Full Rhinos Hungry Hungry Hippos
81%
Know What? Guess Who?
62%
Bananas from Bananas Apples to Apples
53%
Cat Release Mouse Trap
46%
Answer Clue
44%
Vegetable Sea Candy Land
42%
Separate 2 Connect 4
39%
Peacecar Battleship
37%
Frontworken Backgammon
27%
Applekilos Bananagrams
23%
Straightener Twister
21%
Important Escape Trivial Pursuit
16%
Order Trouble
8%
Clarify Boggle
7%
No matching quizzes found
Score Distribution
Percent of People with Each Score
Percentile by Number Answered
Your Score History
You have not taken this quiz